| 000 | 00632nam a22001937a 4500 | ||
|---|---|---|---|
| 005 | 20251108165022.0 | ||
| 008 | 250721s1990 xx 000 0 ara d | ||
| 082 | 1 | 4 | _a658.9136211/حسا |
| 100 | 1 | _aحرستاني، حسان محمد نذير | |
| 245 | 1 | 0 | _aإدارة المستشفيات / |
| 264 | 1 |
_aالرياض : _bمعهد الأدارة العامة - الأدارة العامة للبحوث، _c1990. |
|
| 300 | _a488ص | ||
| 650 | 1 | 7 | _aالمستشفيات |
| 650 | 1 | 7 | _aالإدارة |
| 650 | 1 | 7 | _aتقنيات الإدارة |
| 650 | 1 | 7 | _aإدارة المستشفيات |
| 942 |
_2ddc _cBK |
||
| 999 |
_c20048 _d20048 |
||